Manual de construcción con fardos de paja : fundamentos, detalles, ejecución /

Bibliographic Details
Main Authors: Minke, Gernot (Author), Krick, Benjamin (Author)
Other Authors: Blender, María (Translator)
Format: Electronic eBook
Language:Spanish
German
Published: Artieda, Navarra, España : EcoHabitar editorial, [2018]
Edition:Segunda edición en español.
Subjects:
Online Access:Digitalia Hispánica

MARC

LEADER 00000nam a2200000Ii 4500
001 DIGECOHAB0011
003 NyNyDIG
006 m o d
007 cr |||||||||||
008 240202s2018 sp a ob 000 0 spa d
035 |a (OCoLC)1422054670 
040 |a DGITA  |b eng  |e rda  |e pn  |c DGITA 
020 |a 9788412387827  |q eBook 
020 |z 9788494636721 
041 1 |a spa  |h ger 
050 1 4 |a TH4818.S77 ebook 
082 0 4 |a 693.997  |2 23 
100 1 |a Minke, Gernot,  |e author. 
240 1 0 |a Handbuch Strohballenbau.  |l Spanish  |s (Blender) 
245 1 0 |a Manual de construcción con fardos de paja :  |b fundamentos, detalles, ejecución /  |c Gernot Minke y Benjamin Krick ; traducción, Maria Blender. 
250 |a Segunda edición en español. 
264 1 |a Artieda, Navarra, España :  |b EcoHabitar editorial,  |c [2018] 
300 |a 1 online resource :  |b illustrations. 
336 |a text  |b txt  |2 rdacontent 
337 |a computer  |b c  |2 rdamedia 
338 |a online resource  |b cr  |2 rdacarrier 
347 |a text file  |2 rdaft 
347 |b EPUB 
504 |a Includes bibliographical references. 
588 0 |a Online resource; title from ePub title page (Digitalia, viewed February 2, 2024) 
650 0 |a Straw bale houses. 
650 0 |a Sustainable architecture. 
700 1 |a Krick, Benjamin,  |e author. 
700 1 |a Blender, María,  |e translator. 
700 1 |i Translation of:  |a Minke, Gernot.  |t Handbuch Strohballenbau. 
791 2 |a Digitalia (Firm),  |e distributor. 
793 0 |g Digitalia eBook Collection:  |a EcoHabitar 
776 0 8 |i Print version:  |a Minke, Gernot.  |s Handbuch Strohballenbau. Spanish (Blender).  |t Manual de construcción con fardos de paja.  |b Segunda edición en español.  |d Artieda, Navarra, España : EcoHabitar editorial, [2018]  |z 9788494636721 
856 4 0 |3 Digitalia Hispánica  |u https://www.digitaliapublishing.com/a/124307/ 
910 |a Premium collection: 2024